සුරා කවි, නුරා කවි, නිරා කවි /

Saved in:
Bibliographic Details
Format: Book
Published: රාජගිරිය : ග්‍රැෆිකෙයා, 2025.
Tags: Add Tag
No Tags, Be the first to tag this record!

MARC

LEADER 00000nam a2200000 4500
003 LK-CoNLD
005 20260303154530.0
008 251211b |||||||| |||| 00| 0 ||| d
015 |2 slnb 
017 |b LK-CoDNA  |a 506310 
020 |a 9786245879878 
040 |a LK-CoNLD  |b SIN  |c LK-CoNLD  |d LK-CoNLD 
082 |2 23  |q LK-CoNLD 
245 |a සුරා කවි, නුරා කවි, නිරා කවි /  |c චූලානන්ද සමරනායක. 
260 |a රාජගිරිය :  |b ග්‍රැෆිකෙයා,  |c 2025. 
300 |a පි. 80 ;  |b මැබැ-බෝක : රු. 250.00  |c සෙමී. 14. 
942 |c BOOK 
945 |a 14  |b Mahinda MIHINDUKULASOORIYA  |c 21990  |d Sachini DHANANJANI 
999 |c 295183  |d 295183